| 000 | 00874nam a22002657a 4500 | ||
|---|---|---|---|
| 003 | UPN | ||
| 005 | 20240925063942.0 | ||
| 008 | 240125s1961 nyua|||| |||| 001 0 spa d | ||
| 040 |
_aMX-MxUPN _bspa |
||
| 041 | _aeng | ||
| 050 |
_aLB1131 _bT467 1961 |
||
| 100 | 1 |
_aThorndike, Robert L., _d1910-1990 _g(Robert Ladd) _930518 |
|
| 100 | 1 |
_aHagen, Elizabeth P., _d1915-2008 _930520 |
|
| 245 | 1 | 0 | _aMeasurement and evaluation in psychology and education |
| 250 | _aSecond Edition | ||
| 260 |
_aNew York : _bJohn Wiley, _c©1961. |
||
| 300 |
_avii, 602 páginas : _bilustraciones. |
||
| 504 | _aIncluye índice. | ||
| 650 | 4 |
_aMediciones y pruebas educativas _94299 |
|
| 650 | 4 |
_95197 _aPsicología educativa |
|
| 775 | 0 | _tMeasurement and evaluation in psychology and education | |
| 902 |
_aGCH250124 _bMaríaRobles/080224 |
||
| 942 |
_2lcc _cLIBRO _n0 |
||
| 999 |
_c210838 _d210838 |
||